000 004390000a22001810004500
003 MACL
005 20150812132315.0
008 150812b xxu||||| |||| 00| 0 eng d
040 _aMACL
_cMACL
041 _aEnglish
082 _a403
100 _aShivalik Publication
_94969
245 _aDictionary of Festivals
260 _bShivalik Publication
_c2009
_aDelhi
350 _a250
650 _aDictionary
_9187
942 _cBK
_k403
_2ddc
999 _c41328
_d41328